Statistiques concernant Villes allemandes avec le plus grand nombre de touriste

Cliquez ici pour prendre le quiz!

Statistiques générales

  • Ce quiz a été pris 107 fois
  • Le résultat moyen est 7 sur 10

Statistiques - réponses

# VisiteursVille% Correct
31.1 milBerlin
99%
14.0 milMunich
96%
13.3 milHamburg
89%
5.8 milCologne
75%
8.8 milFrancfort
72%
3.7 milStuttgart
61%
4.6 milDüsseldorf
56%
2.9 milLeipzig
49%
4.3 milDresde
42%
3.2 milNuremberg
41%

Distribution des résultats

Percentile par nombre de réponses

% des personnes avec chaque résultat

Votre développement - résultats

Vous n’avez pas pris ce quiz